|
|
|
|
| LEADER |
00000nab a2200000 ar4500 |
| 001 |
vtls009179245 |
| 003 |
SK-MaSNL |
| 005 |
20260303221020.0 |
| 008 |
080130c20080111xo |||||||||||000 b|slo |
| 015 |
|
|
|a SNBRB2008/01
|2 snkbucl
|
| 038 |
|
|
|a SNKBUCL
|
| 040 |
|
|
|a SNKBUCL
|b slo
|c SNKBUCL
|e AACR2
|
| 041 |
0 |
|
|a slo
|
| 044 |
|
|
|a xo
|c SK
|
| 080 |
|
|
|a 633:620.9
|2 1997
|
| 100 |
1 |
|
|a Užík, Martin
|4 aut
|9 772545
|
| 245 |
1 |
0 |
|a Bioetanol je dobrá šanca aj pre pestovateľov
|c Martin Užík, Alžbeta Žofajová
|
| 300 |
|
|
|b Obr.
|
| 650 |
0 |
7 |
|a energetické rastliny
|2 snkbucl
|9 70827
|
| 650 |
0 |
7 |
|a pestovanie úžitkových rastlín
|2 snkbucl
|9 346749
|
| 650 |
0 |
7 |
|a ekonomická efektívnosť
|2 snkbucl
|9 74879
|
| 650 |
0 |
7 |
|a energetická efektívnosť
|2 snkbucl
|9 74220
|
| 700 |
1 |
|
|a Žofajová, Alžbeta
|4 aut
|9 8378
|
| 773 |
0 |
|
|t Sme. Roľnícke noviny
|g Č. 9 (11.1.2008)
|x 1335-440X
|
| 773 |
0 |
8 |
|i Príl.:
|t Roľnícke noviny
|g Č. 2 (11.1.2008), s. 10-11
|
| 852 |
|
|
|a SNK
|b KIS3GCP
|
| 999 |
|
|
|c 2230150
|d 2232080
|